Marketing in the International Environment
Salvato in:
| Autore principale: | |
|---|---|
| Altri autori: | |
| Natura: | Libro |
| Lingua: | inglese |
| Pubblicazione: |
Englewood Cliffs
Prentice-Hall
1988
|
| Edizione: | 2. ed. |
| Tags: |
Nessun Tag, puoi essere il primo ad aggiungerne!!
|
MARC
| LEADER | 00000nam a2200000 4500 | ||
|---|---|---|---|
| 001 | c040366 | ||
| 005 | 20221219120218.4 | ||
| 041 | 0 | |a eng | |
| 044 | |a US | ||
| 245 | 1 | 0 | |a Marketing in the International Environment |c Edward W. Cundiff, Marye Tharp Hilger |
| 250 | |a 2. ed. | ||
| 264 | 1 | |a Englewood Cliffs |b Prentice-Hall |c 1988 | |
| 300 | |a 608 s. | ||
| 100 | 1 | |a Cundiff, Edward W. | |
| 700 | 1 | |a Hilger, Marye Tharp | |